| 000 | 00527pam a2200193 a 4500 | ||
|---|---|---|---|
| 020 | _a1880656167 (pbk.) | ||
| 040 | _cDLC | ||
| 041 | 1 | _hjpn | |
| 082 | 0 | 0 | _a895 STO 1995 A094 Or. |
| 245 | 0 | 0 |
_aOther side river : _bfree verse / |
| 260 |
_aBerkeley, Calif. : _bStone Bridge Press, _cc1995. |
||
| 300 |
_a244 p. ; _c19 cm. |
||
| 500 | _a"The Rock Spring collection of Japanese literature." | ||
| 650 | 0 | _aJapanese poetry | |
| 650 | 0 | _aJapanese poetry | |
| 700 | 1 | _aLowitz, Leza. | |
| 700 | 1 | _aAoyama, Miyuki. | |
| 942 | _cEK | ||
| 999 |
_c13010 _d13010 |
||